00455 2200157 4500001002100000005001500021035002000036007000300056008004100059100001900100245006900119250001400188260003300202300005200235650001000287INLIS00000000000029520221019124546 a0010-1022000037ta221019 0 0 aNayfa Krasnaya1 aKomik Kecil-kecil Punya Karya: Fun Ice Skating /cNayfa Krasnaya aCetakan 2 aBandung :bDar! Mizan,c2019 a92 halaman :bilustrasi tidak berwarna ;c21 cm 4akomik